[Event "Xtracon Chess Open 2019"]
[Site "Helsingor DEN"]
[Date "2019.07.22"]
[Round "4.125"]
[White "Munksgaard, Bo"]
[Black "Ben Porat, Tal"]
[Result "1-0"]
[WhiteElo "1740"]
[BlackElo "1928"]
[WhiteFideId "1407473"]
[BlackFideId "2804719"]
[EventDate "2019.07.20"]

1. Nf3 e6 2. g3 Nf6 3. Bg2 d5 4. d3 Nc6 5. Nbd2 Bc5 6. O-O O-O 7. e4 dxe4 8.
dxe4 e5 9. h3 h6 10. c3 a5 11. a4 Qe7 12. Qe2 Rd8 13. Re1 b6 14. Qb5 Bd7 15. Qe2
Bc8 16. Qb5 Qe8 17. Nc4 Ba6 18. Qb3 Qe6 19. Bf1 Nh5 20. Kg2 Bc8 21. g4 Nf6 22.
Ncd2 Nh5 23. Qxe6 Nf4+ 24. Kg3 Nxe6 25. Nc4 f6 26. Nh4 Kh7 27. Nf5 Bb7 28. Na3
Bxa3 29. Rxa3 Ba6 30. Bb5 Bxb5 31. axb5 Rd3+ 32. Re3 Rxe3+ 33. Bxe3 Na7 34. c4
Rd8 35. b4 g6 36. Ne7 Nc8 37. Nxc8 Rxc8 38. bxa5 bxa5 39. Rxa5 Nd4 40. Ra7 Kg8
41. Bxd4 exd4 42. Kf3 c6 43. b6 Rb8 44. c5 Kf8 45. Rc7 Rd8 46. Ke2 1-0

[Event "Xtracon Chess Open 2019"]
[Site "Helsingor DEN"]
[Date "2019.07.22"]
[Round "4.126"]
[White "Voll, Oddvar U"]
[Black "Nielsen, Kai Gylling"]
[Result "1-0"]
[WhiteElo "1927"]
[BlackElo "1709"]
[WhiteFideId "1533827"]
[BlackFideId "1406400"]
[EventDate "2019.07.20"]

1. e4 c6 2. d4 d5 3. exd5 cxd5 4. c4 Nf6 5. Nc3 Nc6 6. Nf3 Bg4 7. cxd5 Nxd5 8.
Be2 e6 9. O-O Be7 10. Ne4 O-O 11. b3 Qb6 12. Bb2 Rad8 13. Qd2 Bb4 14. Qc2 Bxf3
15. Ng5 g6 16. Nxf3 Bd6 17. Qe4 Qc7 18. Rac1 Qe7 19. Bc4 Rfe8 20. Rfe1 Bf4 21.
Rc2 Bb8 22. Rce2 Nf6 23. Qh4 Nd5 24. Ng5 h5 25. Re4 Qf6 26. g3 a6 27. Be2 Nce7
28. g4 Bf4 29. Bc1 Bxc1 30. Rxc1 Kg7 31. gxh5 Rh8 32. Kh1 Nf5 33. Qg4 Nxd4 34.
Rxd4 Rxh5 35. Nf3 e5 36. Rdd1 Nf4 37. Rxd8 Qxd8 38. Bf1 Qf6 39. h4 e4 40. Ng5
Ne6 41. Nxe6+ fxe6 42. Qg3 Rxh4+ 43. Kg1 Rh5 44. Bg2 Rg5 45. Rc7+ Kh6 46. Qh4+ 1-0

[Event "Xtracon Chess Open 2019"]
[Site "Helsingor DEN"]
[Date "2019.07.22"]
[Round "4.127"]
[White "Hamalainen, Joel"]
[Black "Steenstrup, Svend"]
[Result "1-0"]
[WhiteElo "1736"]
[BlackElo "1924"]
[WhiteFideId "516660"]
[BlackFideId "1409182"]
[EventDate "2019.07.20"]

1. e4 d5 2. exd5 Qxd5 3. Nc3 Qd6 4. d4 Nf6 5. Nf3 a6 6. Bd3 Bg4 7. Ne4 Nxe4 8.
Bxe4 Nc6 9. O-O f5 10. Bxc6+ Qxc6 11. d5 Qg6 12. Ne5 Bxd1 13. Nxg6 hxg6 14. Rxd1
O-O-O 15. Bg5 Rd6 16. c4 c6 17. dxc6 e5 18. cxb7+ Kxb7 19. Rxd6 Bxd6 20. Rd1 Kc6
21. Rd5 Ra8 22. Bd2 Rb8 23. b3 f4 24. f3 Bc5+ 25. Kf1 Re8 26. Bc3 Bd6 27. Ke2 e4
28. Bxg7 exf3+ 29. Kxf3 Re3+ 30. Kf2 g5 31. h3 Rg3 32. Bf6 g4 33. h4 Re3 34. h5
Bb4 35. Rd1 g3+ 36. Kf1 f3 37. Bd4 Re4 38. gxf3 Rh4 39. Kg2 Bd6 40. Be3 Rxh5 41.
f4 Rh2+ 42. Kxg3 Rxa2 43. Kf3 Rb2 44. Rd3 a5 45. Ke4 Rc2 46. f5 a4 47. bxa4
Rxc4+ 48. Rd4 Rc3 49. f6 Bc5 50. f7 Ra3 51. Rc4 Rxe3+ 52. Kf4 Re1 53. Rxc5+ Kb6
54. Rf5 1-0

[Event "Xtracon Chess Open 2019"]
[Site "Helsingor DEN"]
[Date "2019.07.22"]
[Round "4.128"]
[White "Mehringer, Joerg"]
[Black "Linjord, David Jess"]
[Result "1/2-1/2"]
[WhiteElo "1923"]
[BlackElo "1701"]
[WhiteFideId "12915351"]
[BlackFideId "1527690"]
[EventDate "2019.07.20"]

1. e4 e5 2. Nf3 Nc6 3. Bc4 Bc5 4. O-O Nf6 5. d3 h6 6. a3 d6 7. h3 O-O 8. Nc3 a6
9. Be3 Bxe3 10. fxe3 Ne7 11. Qe2 Be6 12. Bxe6 fxe6 13. d4 exd4 14. exd4 Qd7 15.
Nd2 e5 16. dxe5 dxe5 17. Qc4+ Kh8 18. Nf3 Nc6 19. Rad1 Qf7 20. Qc5 Nd7 21. Qd5
Nf6 22. Qxf7 Rxf7 23. Nh4 Kg8 24. Nf5 Raf8 25. Ne3 Nd4 26. Rd2 Nh5 27. Rxf7 Rxf7
28. Ng4 Nc6 29. Nd5 Nf4 30. c3 h5 31. Nge3 Nxd5 32. exd5 Rd7 33. Nc4 Ne7 34. d6
Nc6 35. dxc7 Rxc7 36. Re2 Re7 37. Kf2 Kf7 38. Ke3 Ke6 39. Rd2 Rd7 40. Rxd7 Kxd7
41. Ke4 Ke6 42. a4 b5 43. axb5 axb5 44. Nd2 Nb8 45. Nf3 Nd7 46. b4 Nf6+ 47. Ke3
Nd5+ 48. Kd3 Nf6 49. Ne1 Kd5 50. Nc2 g5 51. Ne3+ Kc6 52. c4 bxc4+ 53. Kxc4 Nd7
54. b5+ Kb6 55. Nd5+ Kb7 56. Nc3 Nf6 57. Kc5 g4 58. h4 g3 59. Ne2 Ng4 60. Nxg3
Ne3 61. Nxh5 Nxg2 62. Nf6 Nxh4 63. Kd5 Kb6 64. Kc4 Nf5 65. Nd7+ Kc7 1/2-1/2

[Event "Xtracon Chess Open 2019"]
[Site "Helsingor DEN"]
[Date "2019.07.22"]
[Round "4.129"]
[White "Halldorsson, Tobias Kjar"]
[Black "Sebastian, Andreas"]
[Result "0-1"]
[WhiteElo "1730"]
[BlackElo "1911"]
[WhiteFideId "1464701"]
[BlackFideId "1529498"]
[EventDate "2019.07.20"]

1. e4 d6 2. d4 Nf6 3. Nc3 e5 4. dxe5 dxe5 5. Qxd8+ Kxd8 6. Bg5 Be6 7. Nd5 Nd7 8.
O-O-O Kc8 9. f3 Bc5 10. Bc4 c6 11. Nxf6 gxf6 12. Bxe6 fxe6 13. Bh4 Rg8 14. g4
Kc7 15. Ne2 Raf8 16. Rhf1 h5 17. h3 hxg4 18. hxg4 f5 19. gxf5 exf5 20. Nc3 Bb4
21. exf5 Bxc3 22. bxc3 Rxf5 23. Be7 Rg6 24. Ba3 c5 25. Rde1 Rgf6 26. Re3 Rf4 27.
Rf2 e4 28. Kd1 Rxf3 29. Rfxf3 exf3 30. Ke1 Rf5 31. Bc1 Ne5 32. Re4 Kc6 33. c4
f2+ 34. Kf1 Nf3 35. Bf4 Rf6 36. Ke2 Ng5 0-1

[Event "Xtracon Chess Open 2019"]
[Site "Helsingor DEN"]
[Date "2019.07.22"]
[Round "4.130"]
[White "Skovgaard, Ib"]
[Black "Madison, Sigurd"]
[Result "1-0"]
[WhiteElo "1911"]
[BlackElo "1700"]
[WhiteFideId "1406760"]
[BlackFideId "1711806"]
[EventDate "2019.07.20"]

1. a3 d5 2. d4 Nf6 3. Nf3 c6 4. Nbd2 Nbd7 5. g3 g6 6. Bg2 Bg7 7. O-O O-O 8. c4
Re8 9. cxd5 cxd5 10. Qb3 e6 11. Rd1 b6 12. Nf1 Ne4 13. Bf4 g5 14. Be3 a6 15.
Rac1 b5 16. Ne5 Nxe5 17. dxe5 Qa5 18. f3 Nc3 19. Rxc3 Bxe5 20. Rc6 Bd7 21. Rb6
d4 22. Rb7 Bc6 23. Bd2 Qd8 24. f4 Bxb7 25. Bxb7 Rb8 26. Bc6 Re7 27. fxe5 Qb6 28.
Qf3 Rc7 29. Be4 Rc4 30. Bd3 Rc5 31. Qe4 Kf8 32. Bb4 a5 33. Bxc5+ Qxc5 34. Nd2
Rd8 35. Nf3 Ke7 36. Kg2 Rd5 37. Rd2 g4 38. Qxg4 1-0

[Event "Xtracon Chess Open 2019"]
[Site "Helsingor DEN"]
[Date "2019.07.22"]
[Round "4.131"]
[White "Nielsen, Jorgen Kamp"]
[Black "Christensen, Tommy"]
[Result "1-0"]
[WhiteElo "1711"]
[BlackElo "1908"]
[WhiteFideId "1413279"]
[BlackFideId "1423266"]
[EventDate "2019.07.20"]

1. d4 Nf6 2. Nf3 c5 3. d5 b5 4. Bg5 Bb7 5. Bxf6 gxf6 6. e4 Qb6 7. c4 bxc4 8.
Nbd2 f5 9. Nxc4 Qb4+ 10. Nfd2 Ba6 11. a3 Qb7 12. Na5 Qc7 13. Bxa6 Nxa6 14. Nac4
Bg7 15. O-O Rb8 16. e5 Bxe5 17. Re1 Bxh2+ 18. Kh1 Qf4 19. Qh5 Nc7 20. d6 Ne6 21.
Qxh2 Qxh2+ 22. Kxh2 Rg8 23. dxe7 Kxe7 24. Re5 Kf6 25. Rae1 Nf4 26. Nd6 Rxg2+ 27.
Kh1 Rxf2 28. Rxf5+ Kg7 29. Rxf7+ Kh6 30. Rg1 Nh3 31. Rg3 Rxf7 32. Nxf7+ Kh5 33.
Rxh3+ Kg4 34. Rb3 Rxb3 35. Nxb3 Kf4 36. Nxc5 d5 37. Nd3+ 1-0

[Event "Xtracon Chess Open 2019"]
[Site "Helsingor DEN"]
[Date "2019.07.22"]
[Round "4.132"]
[White "Kittilsen, Sigurd"]
[Black "Jensen, Torben W."]
[Result "1-0"]
[WhiteElo "1894"]
[BlackElo "1693"]
[WhiteFideId "1515624"]
[BlackFideId "1515942"]
[EventDate "2019.07.20"]

1. e4 c5 2. Nf3 g6 3. d4 cxd4 4. Nxd4 Nc6 5. Nc3 Bg7 6. Be3 Nf6 7. Bc4 Qa5 8.
O-O O-O 9. Nb3 Qd8 10. f4 d6 11. h3 a6 12. Qd2 e6 13. a4 b6 14. Rad1 Ne8 15. Qf2
Rb8 16. g4 Qc7 17. Bd3 Nb4 18. Bd4 Nxd3 19. Rxd3 Bd7 20. Bxg7 Nxg7 21. Qd4 Ne8
22. Nd2 b5 23. axb5 axb5 24. Qb4 Bc6 25. Nf3 Qa7+ 26. Kh2 Qb7 27. Re1 Bd7 28.
Kg3 Rd8 29. e5 d5 30. h4 f6 31. Qe7 Qc7 32. exf6 Rf7 33. Qb4 Rxf6 34. Ne5 Nd6
35. Rxd5 Bc6 36. Rc5 Rdf8 37. Rxc6 Qa7 38. Qxd6 Rxf4 39. Qxe6+ Kg7 40. Qd7+ Qxd7
41. Nxd7 Rf3+ 42. Kg2 Rf2+ 43. Kg1 R8f7 44. Ne5 1-0

[Event "Xtracon Chess Open 2019"]
[Site "Helsingor DEN"]
[Date "2019.07.22"]
[Round "4.133"]
[White "Weersing, Abigail Riis"]
[Black "Nord, Alexander"]
[Result "0-1"]
[WhiteElo "1709"]
[BlackElo "1893"]
[WhiteFideId "460036"]
[BlackFideId "1738135"]
[EventDate "2019.07.20"]

1. d4 Nf6 2. c4 e6 3. Nf3 b6 4. g3 Bb7 5. Bg2 Be7 6. Nc3 O-O 7. O-O Ne4 8. Qc2
Nxc3 9. bxc3 f5 10. Bb2 Be4 11. Qb3 c5 12. d5 exd5 13. cxd5 d6 14. c4 Nd7 15.
Qe3 h6 16. Nd2 Bxg2 17. Qe6+ Rf7 18. Kxg2 Bf6 19. Bxf6 Qxf6 20. f4 Kf8 21. Qe3
Re8 22. Qd3 Qd4 23. Qxd4 cxd4 24. Nf3 Rxe2+ 25. Rf2 Re4 26. Re1 Rfe7 27. Rxe4
Rxe4 28. Nh4 d3 29. Nxf5 Rxc4 30. Ne3 Rd4 31. Rd2 Nf6 32. Kf3 g6 33. g4 Ne4 34.
Rd1 Nc5 35. f5 g5 36. Kg3 Nd7 37. h4 Ne5 38. hxg5 hxg5 39. Rd2 Re4 40. Kf2 Kf7
41. Ng2 Rxg4 42. Ne1 Rd4 43. Ke3 Rf4 44. Rh2 Ng4+ 0-1

[Event "Xtracon Chess Open 2019"]
[Site "Helsingor DEN"]
[Date "2019.07.22"]
[Round "4.134"]
[White "Undheim, Bjarne"]
[Black "Henriksen, Morgan"]
[Result "1-0"]
[WhiteElo "1892"]
[BlackElo "1683"]
[WhiteFideId "1506862"]
[BlackFideId "1510495"]
[EventDate "2019.07.20"]

1. e4 c5 2. Nc3 Nc6 3. g3 g6 4. Bg2 Bg7 5. Nge2 e6 6. O-O Nge7 7. d3 O-O 8. f4
f5 9. e5 d6 10. exd6 Qxd6 11. Nb5 Qd7 12. Rb1 a6 13. Nbc3 b6 14. Be3 Bb7 15. Bf2
e5 16. fxe5 Nxe5 17. Nf4 Bxg2 18. Nxg2 Ng4 19. Ne2 Nd5 20. c3 Rae8 21. Nef4 Nxf4
22. Nxf4 Qc6 23. Qb3+ Kh8 24. Qd5 Qxd5 25. Nxd5 Nxf2 26. Kxf2 Rb8 27. Rfe1 Rfd8
28. c4 b5 29. b3 Bd4+ 30. Kf1 bxc4 31. dxc4 Re8 32. Rxe8+ Rxe8 33. Re1 Rxe1+ 34.
Kxe1 a5 35. Ne7 Bc3+ 36. Ke2 Kg7 37. Nd5 Bd4 38. Kf3 g5 39. Ne7 Kf6 40. Nd5+ Ke5
41. g4 f4 42. h4 h6 43. h5 Ba1 44. Ne7 Kf6 45. Nf5 Ke5 46. Nxh6 Bd4 47. Nf7+ Kf6
48. Nd6 Kg7 49. Nf5+ 1-0

[Event "Xtracon Chess Open 2019"]
[Site "Helsingor DEN"]
[Date "2019.07.22"]
[Round "4.135"]
[White "Wiberg, Jonas"]
[Black "Slettebo, Jan"]
[Result "0-1"]
[WhiteElo "1700"]
[BlackElo "1888"]
[WhiteFideId "1720090"]
[BlackFideId "1704958"]
[EventDate "2019.07.20"]

1. d4 d5 2. Nf3 Nf6 3. Bf4 c5 4. e3 Nc6 5. c4 cxd4 6. exd4 e6 7. Nc3 Bb4 8. a3
Bxc3+ 9. bxc3 Qa5 10. Qb3 Ne4 11. Bd2 O-O 12. Bd3 b6 13. Qb5 Nxd2 14. Kxd2 Bd7
15. Qb2 e5 16. Nxe5 Nxe5 17. dxe5 dxc4 18. Be2 Qxe5 19. Ke1 Rfe8 20. Kf1 Bc6 21.
Re1 Qe4 22. Rg1 Qh4 23. Rh1 Re6 24. Qd2 Rd8 25. Qc1 Rde8 26. Qd2 Be4 0-1

[Event "Xtracon Chess Open 2019"]
[Site "Helsingor DEN"]
[Date "2019.07.22"]
[Round "4.136"]
[White "Gottschalck, Christian"]
[Black "Klitgaard, Ebbe"]
[Result "1/2-1/2"]
[WhiteElo "1684"]
[BlackElo "1882"]
[WhiteFideId "1428357"]
[BlackFideId "1414941"]
[EventDate "2019.07.20"]

1. e4 d5 2. Nc3 d4 3. Nce2 e5 4. Ng3 Nf6 5. Bc4 Be6 6. Bxe6 fxe6 7. d3 c5 8.
N1e2 Nc6 9. O-O Be7 10. h3 O-O 11. f4 Nd7 12. f5 exf5 13. Nxf5 Bf6 14. Neg3 Ne7
15. Qg4 Nxf5 16. Nxf5 Rf7 17. Nh6+ Kf8 18. Nxf7 Kxf7 19. Qh5+ Kg8 20. Bd2 Qe7
21. Rf3 Rc8 22. Raf1 Rc6 23. h4 g6 24. Qg4 Qe6 25. Qxe6+ Rxe6 26. Bg5 Kg7 27. g4
h6 28. Bxh6+ Kxh6 29. g5+ Bxg5 30. hxg5+ Kxg5 31. Kg2 Nf6 32. Rg3+ Kh6 33. Rgf3
Kg7 34. Kh3 b5 35. Kh4 a6 36. Kg5 Nh7+ 37. Kg4 Nf6+ 1/2-1/2

[Event "Xtracon Chess Open 2019"]
[Site "Helsingor DEN"]
[Date "2019.07.22"]
[Round "4.137"]
[White "Rasmussen, Morten Fredsgaard2"]
[Black "Werner, Jakob"]
[Result "1-0"]
[WhiteElo "1882"]
[BlackElo "1681"]
[WhiteFideId "1410636"]
[BlackFideId "1426850"]
[EventDate "2019.07.20"]

1. d4 d5 2. c4 e6 3. Nf3 Nf6 4. e3 c6 5. b3 Be7 6. Bb2 O-O 7. Nc3 Nbd7 8. Bd3 c5
9. cxd5 exd5 10. O-O cxd4 11. exd4 Re8 12. Ne5 Bd6 13. f4 Nf8 14. Qf3 Bc7 15. g4
Ne6 16. Ne2 g6 17. g5 Nh5 18. h4 Neg7 19. Bb5 Bf5 20. Bxe8 Nxe8 21. Nc3 Be4 22.
Nxe4 dxe4 23. Qxe4 Ng3 24. Qxb7 Nd6 25. Qd5 Qc8 26. Rfc1 Ne2+ 27. Kh2 Nxf4 28.
Qf3 Ne6 29. Rc2 Nf5 30. Qe4 Qd8 31. d5 Nd6 32. Qf3 Ng7 33. Rac1 Bb6 34. Qf6 Qe8
35. Qxd6 Nf5 36. Qd7 1-0

[Event "Xtracon Chess Open 2019"]
[Site "Helsingor DEN"]
[Date "2019.07.22"]
[Round "4.138"]
[White "Hojgaard, Brandur"]
[Black "Ashwin, Hariharan"]
[Result "0-1"]
[WhiteElo "1683"]
[BlackElo "1881"]
[WhiteFideId "7201478"]
[BlackFideId "5812666"]
[EventDate "2019.07.20"]

1. d4 d5 2. Nf3 c5 3. c3 Nf6 4. Bf4 Qb6 5. Qb3 Nc6 6. e3 c4 7. Qxb6 axb6 8. Nbd2
b5 9. Be2 b4 10. O-O h6 11. Ne5 bxc3 12. bxc3 Bf5 13. f3 Nh5 14. Bg3 Nxg3 15.
hxg3 f6 16. Nxc6 bxc6 17. e4 Bc8 18. a4 e6 19. Rfb1 Bd6 20. Kf2 Kd7 21. f4 Kc7
22. e5 Be7 23. Nf3 Bd7 24. Bd1 Rhb8 25. Ke3 Be8 26. Bc2 Rxb1 27. Rxb1 c5 28. Kd2
Bxa4 29. Ra1 Bc6 30. Rxa8 Bxa8 31. Ba4 Bc6 32. Bc2 Be8 33. dxc5 Bxc5 34. g4 h5
35. g5 fxe5 36. fxe5 Bf2 37. g6 Kd7 38. Ke2 Bg3 39. Ke3 Ke7 40. Ke2 Bd7 41. Ke3
Kd8 42. Bd1 Kc7 43. Bc2 Kb6 44. Bd1 Ka5 45. Bc2 Ba4 46. Kd2 Bf4+ 47. Kd1 h4 48.
Bxa4 Kxa4 49. Kc2 Ka3 50. Nd4 Bxe5 51. Nxe6 Ka4 52. Nc5+ Kb5 53. Nd7 Bd6 54. Nf6
Kc6 55. Kd2 Be5 56. Ng4 Kd6 57. Nxe5 Kxe5 58. Ke3 d4+ 59. cxd4+ Kd5 0-1

[Event "Xtracon Chess Open 2019"]
[Site "Helsingor DEN"]
[Date "2019.07.22"]
[Round "4.139"]
[White "Markussen, Petter B"]
[Black "Harders, Poul Erik"]
[Result "1-0"]
[WhiteElo "1873"]
[BlackElo "1676"]
[WhiteFideId "1533045"]
[BlackFideId "1416251"]
[EventDate "2019.07.20"]

1. d4 Nf6 2. Bf4 g6 3. Nc3 d6 4. e4 Nbd7 5. Nf3 Bg7 6. h3 O-O 7. Be2 c5 8. d5 a6
9. a4 Qc7 10. O-O Re8 11. Bh2 Nf8 12. Ra3 b6 13. Nd2 Bb7 14. f4 e6 15. Bf3 exd5
16. exd5 Re7 17. Nc4 Rd8 18. Rb3 N6d7 19. Ne4 Bd4+ 20. Kh1 Bxd5 21. Nexd6 Bxc4
22. Nxc4 Bg7 23. Qc1 Rde8 24. Rd1 Bd4 25. Qd2 Rd8 26. c3 Bf6 27. Qf2 Nb8 28.
Rxd8 Qxd8 29. Rxb6 Qd3 30. Ne5 Qb1+ 31. Qg1 Qf5 32. Bg4 Qc2 33. Rxb8 Kg7 34. Qd1
Qe4 35. Qd8 1-0

[Event "Xtracon Chess Open 2019"]
[Site "Helsingor DEN"]
[Date "2019.07.22"]
[Round "4.141"]
[White "Andersen, Daniel"]
[Black "Hina, Ariza"]
[Result "0-1"]
[WhiteTitle "FM"]
[WhiteElo "1864"]
[BlackElo "1651"]
[WhiteFideId "1402714"]
[BlackFideId "1525441"]
[EventDate "2019.07.20"]

1. d4 d5 2. c4 e6 3. Nf3 Nf6 4. g3 Nbd7 5. Qc2 Be7 6. Bg2 O-O 7. O-O c6 8. Nbd2
b6 9. e4 dxc4 10. Nxc4 Bb7 11. Nce5 c5 12. Nxd7 Qxd7 13. Ne1 Qxd4 14. Bg5 Qd7
15. Rd1 Qc7 16. Bxf6 Bxf6 17. Nf3 Rad8 18. e5 Bxf3 19. Rxd8 Rxd8 20. exf6 Bxg2
21. Kxg2 gxf6 22. Qa4 Rd4 23. Qb3 Qd7 24. Qe3 Kg7 25. a3 Rd1 26. Qf4 Qd5+ 27.
Kg1 Rxf1+ 28. Kxf1 Qg5 29. Qc4 Qh5 30. Qa4 Qe5 31. Qg4+ Kf8 32. Qa4 Qxb2 33.
Qxa7 c4 34. Qb8+ Kg7 35. Qf4 c3 36. Qg4+ Kf8 37. Qd4 Qxa3 38. Qxf6 Qc1+ 39. Kg2
Qd2 0-1

[Event "Xtracon Chess Open 2019"]
[Site "Helsingor DEN"]
[Date "2019.07.22"]
[Round "4.142"]
[White "Jorgensen, Alexander Torp"]
[Black "Yilmaz, Kazim"]
[Result "1/2-1/2"]
[WhiteElo "1863"]
[BlackElo "1647"]
[WhiteFideId "1434187"]
[BlackFideId "1514326"]
[EventDate "2019.07.20"]

1. c4 e5 2. Nc3 Nc6 3. Nf3 Nf6 4. e3 d5 5. cxd5 Nxd5 6. Qb3 Nxc3 7. bxc3 Bd6 8.
d4 exd4 9. cxd4 O-O 10. Bd2 a5 11. a3 Qf6 12. Be2 Qg6 13. g3 Ne7 14. Nh4 Qe6 15.
Bc4 Qh3 16. Bf1 Qe6 17. Qc2 g5 18. Nf3 g4 19. Nh4 Nf5 20. Bc4 Qf6 21. Ng2 Be6
22. Bd3 c5 23. Qb2 cxd4 24. h3 Be5 25. e4 gxh3 26. Nf4 Ne3 27. Nxh3 Qf3 28. Rh2
Ng2+ 29. Kf1 Bxh3 30. Rxh3 Ne3+ 31. Ke1 Ng2+ 32. Kf1 Ne3+ 33. Ke1 Ng2+ 34. Kf1
Ne3+ 35. Ke1 1/2-1/2

[Event "Xtracon Chess Open 2019"]
[Site "Helsingor DEN"]
[Date "2019.07.22"]
[Round "4.143"]
[White "Larsen, Hans Haagen"]
[Black "Saravana, Vedant Kumar"]
[Result "0-1"]
[WhiteElo "1680"]
[BlackElo "1861"]
[WhiteFideId "1409557"]
[BlackFideId "45059730"]
[EventDate "2019.07.20"]

1. b4 e5 2. Bb2 d6 3. c4 Nf6 4. Nc3 Be6 5. e3 Nbd7 6. d4 d5 7. Qb3 dxc4 8. Bxc4
Bxc4 9. Qxc4 Nb6 10. Qb5+ Nfd7 11. d5 a6 12. Qe2 Bxb4 13. e4 Na4 14. Rc1 Ndc5
15. Nf3 Nxb2 16. Nxe5 Qf6 17. Qxb2 Qxe5 18. O-O Nd3 19. f4 Qd4+ 0-1

[Event "Xtracon Chess Open 2019"]
[Site "Helsingor DEN"]
[Date "2019.07.22"]
[Round "4.144"]
[White "Lodahl, Holger Ronnow"]
[Black "Larsen, Mette Dalsgaard"]
[Result "1/2-1/2"]
[WhiteElo "1859"]
[BlackElo "1637"]
[WhiteFideId "1427342"]
[BlackFideId "1430718"]
[EventDate "2019.07.20"]

1. b3 e5 2. Bb2 d6 3. e3 Be7 4. g3 Nc6 5. Bg2 Bd7 6. Ne2 Nf6 7. O-O Qc8 8. d4 e4
9. Nbc3 Bh3 10. Nxe4 Nxe4 11. Bxe4 Bxf1 12. Qxf1 O-O 13. Qg2 Nd8 14. c4 f5 15.
Bd3 Bf6 16. Qd5+ Qe6 17. Qxf5 Qxf5 18. Bxf5 b6 19. Nf4 Bxd4 20. Bxh7+ Kxh7 21.
Bxd4 Rf7 22. Bc3 g5 23. Nd5 Ne6 24. Nf6+ Kg6 25. Ng4 Raf8 26. b4 Kh5 27. h3 Kg6
28. Rd1 Rf3 29. Kg2 R3f5 30. Rd5 Rxd5 31. cxd5 Ng7 32. e4 Nh5 33. f3 Ng7 34. Ne3
Ne8 35. b5 Nf6 36. Nf5 a6 37. Nd4 Ra8 38. a3 Nd7 39. Bb4 a5 40. Bd2 Ne5 41. Ne6
Nd7 42. a4 Re8 43. Bc3 Re7 44. g4 Ne5 45. Bxe5 dxe5 46. Kg3 Kf6 47. h4 gxh4+ 48.
Kxh4 Rh7+ 49. Kg3 Rh1 50. Nxc7 Ra1 51. Na8 Rxa4 52. Nxb6 Rb4 53. Nd7+ Ke7 54.
Nxe5 Rxb5 55. Nc6+ Kd6 56. Nxa5 Rxa5 57. Kf4 Ra8 58. g5 Rf8+ 59. Kg4 Ke5 60. d6
Kxd6 61. f4 Ke6 62. e5 1/2-1/2

[Event "Xtracon Chess Open 2019"]
[Site "Helsingor DEN"]
[Date "2019.07.22"]
[Round "4.145"]
[White "Petersen, Jan"]
[Black "Berg, Margar M."]
[Result "1/2-1/2"]
[WhiteElo "1660"]
[BlackElo "1857"]
[WhiteFideId "1426320"]
[BlackFideId "7200021"]
[EventDate "2019.07.20"]

1. d4 d5 2. c4 e6 3. Nc3 Nf6 4. Nf3 Be7 5. Bg5 O-O 6. e3 Nbd7 7. Bd3 h6 8. Bh4
Re8 9. Qc2 c6 10. Bg3 b6 11. O-O Bb7 12. h3 c5 13. Ne5 Nf8 14. cxd5 cxd4 15.
exd4 Bxd5 16. Bb5 N8d7 17. Nxd7 Nxd7 18. Nxd5 exd5 19. Qa4 a6 20. Bc6 Ra7 21.
Qb3 Rf8 22. Qxd5 Nf6 23. Qxd8 Rxd8 24. Rfd1 Bd6 25. Bxd6 Rxd6 26. d5 Re7 27. Rd2 1/2-1/2

[Event "Xtracon Chess Open 2019"]
[Site "Helsingor DEN"]
[Date "2019.07.22"]
[Round "4.146"]
[White "Warston, Hakan"]
[Black "Hempler, Poul"]
[Result "1/2-1/2"]
[WhiteElo "1656"]
[BlackElo "1856"]
[WhiteFideId "1717367"]
[BlackFideId "1468464"]
[EventDate "2019.07.20"]

1. d4 d5 2. c4 c6 3. Nf3 Nf6 4. e3 Bf5 5. Nc3 e6 6. Be2 Nbd7 7. O-O Bd6 8. b3
O-O 9. Nh4 Ne4 10. Nxe4 Bxh2+ 11. Kxh2 Qxh4+ 12. Kg1 Bxe4 13. f3 Bg6 14. Bd2 Qd8
15. Be1 Re8 16. f4 Be4 17. Bf3 Bxf3 18. Qxf3 f5 19. Qh3 Qf6 20. Bh4 Qg6 21. Rf3
Nf6 22. Bxf6 Qxf6 23. Kf2 h6 24. Rh1 Kf7 25. Rg3 Ke7 26. Qh5 Kd7 27. Rg6 Qf7 28.
g4 Re7 29. g5 hxg5 30. Qxg5 Kc7 31. Rg1 Rg8 32. Qh5 Kb6 33. Ke2 Ka5 34. Kd3 b6
35. Qh2 Ka6 36. Kc3 Kb7 37. Qg2 Qe8 38. Rh1 Qd7 39. Rh7 Rf7 40. Qg5 Qe7 41.
Qxe7+ Rxe7 42. a4 a6 43. Kd3 b5 44. axb5 axb5 45. Kc3 Ka6 46. c5 Kb7 47. Rh2 Kc7
48. Ra2 Kd7 49. Ra6 Rc8 50. Ra7+ Rc7 51. Ra8 1/2-1/2

[Event "Xtracon Chess Open 2019"]
[Site "Helsingor DEN"]
[Date "2019.07.22"]
[Round "4.147"]
[White "Stage, Allan Juul"]
[Black "Digernes, Mikael"]
[Result "1-0"]
[WhiteElo "1855"]
[BlackElo "1560"]
[WhiteFideId "1452371"]
[BlackFideId "1544225"]
[EventDate "2019.07.20"]

1. d4 Nf6 2. Bf4 d5 3. e3 c5 4. c3 cxd4 5. exd4 Bf5 6. Nf3 Qb6 7. Qb3 Qxb3 8.
axb3 a6 9. h3 Nc6 10. Nbd2 e6 11. b4 Ra7 12. Ne5 Nxe5 13. Bxe5 Nd7 14. Bh2 Be7
15. Bb5 Ra8 16. Nb3 Bc2 17. Nc5 Bxc5 18. bxc5 Rc8 19. Bxd7+ Kxd7 20. Kd2 Bg6 21.
Bd6 Rhe8 22. Ra3 f6 23. Rb3 b5 24. Ra3 Rc6 25. Rha1 Ra8 26. Ra5 Bf5 27. Rxb5 Ra7
28. Rb6 a5 29. b4 Rxb6 30. cxb6 Rb7 31. bxa5 Kxd6 32. a6 Rb8 33. a7 Ra8 34. b7
Rxa7 35. b8=Q+ 1-0

[Event "Xtracon Chess Open 2019"]
[Site "Helsingor DEN"]
[Date "2019.07.22"]
[Round "4.148"]
[White "Olsen, Kim Alex"]
[Black "Amin, Idris"]
[Result "0-1"]
[WhiteElo "1651"]
[BlackElo "1853"]
[WhiteFideId "1406663"]
[BlackFideId "1746022"]
[EventDate "2019.07.20"]

1. d4 g6 2. Bf4 Bg7 3. Nf3 c5 4. c3 Qb6 5. Qc2 Nf6 6. e3 d6 7. h3 Bf5 8. Qc1 O-O
9. Nbd2 cxd4 10. exd4 Nd5 11. Bg5 Rc8 12. Nc4 Qd8 13. Nh4 Be6 14. Bd3 Nxc3 15.
bxc3 Bxc4 16. Bxc4 Rxc4 17. Qe3 Qa5 18. O-O e5 19. Qe2 Qa4 20. Be7 Nc6 21. Bxd6
exd4 22. Bb4 d3 0-1

[Event "Xtracon Chess Open 2019"]
[Site "Helsingor DEN"]
[Date "2019.07.22"]
[Round "4.149"]
[White "Hilbenz, Guntram"]
[Black "Willard, Hakan"]
[Result "1-0"]
[WhiteElo "1845"]
[BlackElo "1614"]
[WhiteFideId "4686586"]
[BlackFideId "1733621"]
[EventDate "2019.07.20"]

1. c4 Nf6 2. g3 e5 3. Bg2 d6 4. Nc3 Be7 5. Nf3 Nc6 6. Rb1 Rb8 7. b4 O-O 8. O-O
b6 9. d3 h6 10. b5 Na5 11. Nd2 Bf5 12. Nb3 Nb7 13. a4 Nc5 14. Ra1 Qc8 15. a5 Bh3
16. axb6 axb6 17. Nxc5 dxc5 18. Bb2 Bxg2 19. Kxg2 Qb7+ 20. e4 Bd6 21. Qb3 Ra8
22. Rxa8 Rxa8 23. Ra1 Rxa1 24. Bxa1 Qa8 25. Qa4 Qxa4 26. Nxa4 Nd7 27. Nc3 Nf8
28. Nd5 Ne6 29. f4 f6 30. f5 Nd4 31. Bxd4 cxd4 32. g4 Kf7 33. Kf3 Kf8 34. h4 Kf7
35. g5 hxg5 36. hxg5 fxg5 37. Kg4 g6 38. f6 Kg8 39. Kxg5 Kh7 40. Ne7 1-0